| 000 | 00701nam a22002177a 4500 | ||
|---|---|---|---|
| 003 | OSt | ||
| 005 | 20210419063253.0 | ||
| 008 | 201117s2014 ||||| |||| 00| 0 ger d | ||
| 020 | _a9783941323094 | ||
| 040 |
_ager _beng _cDLC |
||
| 080 |
_a811.112.2 _bB-97 |
||
| 100 |
_966 _aAnne Buscha |
||
| 245 |
_aAgrammatik: Ubungsgrammatik Deutsch als Fremdsprache, Sprachniveau A1 A2 _b/ by: Schubert Verlag Authors: Anne Buscha, Szilvia Szita |
||
| 260 | _c2011 | ||
| 300 |
_a186 p. _b1 CD |
||
| 650 | _2German Language | ||
| 653 | _aგერმანული ენა | ||
| 653 | _aგერმანული ენის გრამატიკა | ||
| 700 |
_967 _aSzita, Szilvia |
||
| 942 |
_2udc _cBK |
||
| 999 |
_c271 _d271 |
||